Statistics for TFiOS Quiz

Click here to take the quiz!

General Stats

  • This quiz has been taken 87 times
  • The average score is 11 of 18

Answer Stats

HintAnswer% Correct
Which character dies?Augustus
93%
What did Hazel Gus and Isaac use to throw at Monica's car?eggs
93%
Amsterdam museum where they kissAnne Frank
91%
How old was Hazel when they found her cancer?13
89%
What was Isaac's and Monica-s saying?Always
88%
AuthorJohn Green
84%
What sport did Gus do before?Basketball
81%
-okay- -okay- -OMG stop _____ with me-flirting
72%
Actor of GusAnsel Elgort
69%
Hazel's and her mom's favorite tv show?America's Next Top Model
62%
AIA stands for...An Imperial Affliction
46%
What type of cancer does Patrick have?Testicular
43%
Where is Amsterdam situated?The Netherlands
43%
Which movie do Hazel and Gus watch at his house?V for Vendetta
43%
Where Gus takes Hazel on a picnicFunky Bones
30%
Van Houten's assistantLidewij Vliegenthart
24%
Hazel's best friendKaitlyn
15%
Name of the girl that tried on Hazel's cannula?Jackie
11%

Score Distribution

Percentile by Number Answered

Percent of People with Each Score

Your Score History

You have not taken this quiz